[Event "DVM U10 2023"]
[Site "Magdeburg GER"]
[Date "2023.12.29"]
[Round "6"]
[White "Weiß, Jonas"]
[Black "Willems, Lasse"]
[Result "1-0"]
[Termination "normal"]
[Board "8.1"]
[WhiteElo "1167"]
[BlackElo "1133"]
[WhiteClock "00:35:58"]
[BlackClock "00:41:05"]
[WhiteTeam "SF München"]
[BlackTeam "SC Ramstein-Miesenbach"]
[PlyCount "53"]
[WhiteFideId "34637168"]
[EventCountry "GER"]
[EventRounds "7"]
[EventType "team-swiss"]
[EventDate "2023.12.27"]

1. e4 {[%clk 00:55:10]} {[%emt 00:04:05]} e5 {[%clk 00:55:03]} {[%emt
00:00:08]} 2. Nf3 {[%clk 00:55:12]} {[%emt 00:00:03]} Nc6 {[%clk 00:55:06]}
{[%emt 00:00:02]} 3. Bc4 {[%clk 00:55:11]} {[%emt 00:00:13]} Nf6 {[%clk
00:55:05]} {[%emt 00:00:08]} 4. Ng5 {[%clk 00:55:12]} {[%emt 00:00:05]} d5
{[%clk 00:55:00]} {[%emt 00:00:09]} 5. exd5 {[%clk 00:55:12]} {[%emt 00:00:05]}
Na5 {[%clk 00:55:02]} {[%emt 00:00:04]} 6. Bb5+ {[%clk 00:55:08]} {[%emt
00:00:09]} c6 {[%clk 00:54:59]} {[%emt 00:00:08]} 7. dxc6 {[%clk 00:55:09]}
{[%emt 00:00:03]} bxc6 {[%clk 00:54:46]} {[%emt 00:00:18]} 8. Bd3 {[%clk
00:55:05]} {[%emt 00:00:10]} Bc5 {[%clk 00:53:59]} {[%emt 00:00:52]} 9. O-O
{[%clk 00:54:25]} {[%emt 00:00:44]} O-O {[%clk 00:53:26]} {[%emt 00:00:38]} 10.
a3 {[%clk 00:54:00]} {[%emt 00:00:31]} Nb7 {[%clk 00:51:59]} {[%emt 00:01:31]}
11. b4 {[%clk 00:53:31]} {[%emt 00:00:35]} Bb6 {[%clk 00:52:01]} {[%emt
00:00:03]} 12. Bb2 {[%clk 00:52:57]} {[%emt 00:00:38]} Re8 {[%clk 00:49:45]}
{[%emt 00:02:21]} 13. Ne4 {[%clk 00:50:58]} {[%emt 00:02:04]} Nxe4 {[%clk
00:49:00]} {[%emt 00:00:50]} 14. Bxe4 {[%clk 00:50:56]} {[%emt 00:00:07]} Qd6
{[%clk 00:47:53]} {[%emt 00:01:13]} 15. c4 {[%clk 00:50:11]} {[%emt 00:00:50]}
c5 {[%clk 00:47:43]} {[%emt 00:00:14]} 16. b5 {[%clk 00:49:56]} {[%emt
00:00:20]} Bc7 {[%clk 00:47:12]} {[%emt 00:00:37]} 17. d3 {[%clk 00:49:07]}
{[%emt 00:00:53]} f5 {[%clk 00:46:51]} {[%emt 00:00:26]} 18. Bd5+ {[%clk
00:48:46]} {[%emt 00:00:25]} Be6 {[%clk 00:46:26]} {[%emt 00:00:31]} 19. Bxb7
{[%clk 00:48:38]} {[%emt 00:00:13]} e4 {[%clk 00:45:44]} {[%emt 00:00:47]} 20.
Qh5 {[%clk 00:46:48]} {[%emt 00:01:55]} Rab8 {[%clk 00:44:28]} {[%emt
00:01:22]} 21. Bc6 {[%clk 00:45:17]} {[%emt 00:01:35]} Rf8 {[%clk 00:44:05]}
{[%emt 00:00:27]} 22. dxe4 {[%clk 00:43:49]} {[%emt 00:01:34]} fxe4 {[%emt
00:00:28]} 23. Bxe4 {[%emt 00:00:12]} h6 {[%clk 00:43:11]} {[%emt 00:00:20]}
24. g3 {[%clk 00:39:00]} {[%emt 00:04:54]} Bf7 {[%clk 00:42:48]} {[%emt
00:00:26]} 25. Qg4 {[%clk 00:37:37]} {[%emt 00:01:28]} Bg6 {[%clk 00:42:23]}
{[%emt 00:00:31]} 26. Bxg6 {[%clk 00:36:49]} {[%emt 00:00:54]} Qe7 {[%clk
00:41:05]} {[%emt 00:01:23]} 27. Nc3 {[%clk 00:35:58]} {[%emt 00:00:56]} 1-0

[Event "DVM U10 2023"]
[Site "Magdeburg GER"]
[Date "2023.12.29"]
[Round "6"]
[White "Süßdorf, Can"]
[Black "Mandziuk, Varvara"]
[Result "0-1"]
[Termination "normal"]
[Board "8.2"]
[WhiteElo "928"]
[BlackElo "1136"]
[WhiteClock "00:04:42"]
[BlackClock "00:21:55"]
[WhiteTeam "SC Ramstein-Miesenbach"]
[BlackTeam "SF München"]
[PlyCount "114"]
[BlackFideId "34638016"]
[EventCountry "GER"]
[EventRounds "7"]
[EventType "team-swiss"]
[EventDate "2023.12.27"]

1. e4 {[%clk 00:55:09]} {[%emt 15:24:11]} e5 {[%clk 00:55:10]} {[%emt
00:00:05]} 2. Nf3 {[%clk 00:55:06]} {[%emt 00:00:07]} Nc6 {[%clk 00:55:07]}
{[%emt 00:00:09]} 3. Bc4 {[%clk 00:55:04]} {[%emt 00:00:07]} Bc5 {[%clk
00:55:06]} {[%emt 00:00:05]} 4. Nc3 {[%clk 00:55:04]} {[%emt 00:00:05]} Nf6
{[%clk 00:55:04]} {[%emt 00:00:07]} 5. d3 {[%clk 00:54:53]} {[%emt 00:00:16]}
O-O {[%clk 00:54:58]} {[%emt 00:00:11]} 6. Bg5 {[%clk 00:54:30]} {[%emt
00:00:28]} h6 {[%clk 00:54:58]} {[%emt 00:00:06]} 7. Bh4 {[%clk 00:54:31]}
{[%emt 00:00:04]} d6 {[%clk 00:54:57]} {[%emt 00:00:06]} 8. O-O {[%clk
00:54:24]} {[%emt 00:00:12]} Qe7 {[%clk 00:54:51]} {[%emt 00:00:11]} 9. Nd5
{[%clk 00:53:43]} {[%emt 00:00:46]} Qd8 {[%clk 00:54:30]} {[%emt 00:00:26]} 10.
Nxf6+ {[%clk 00:52:57]} {[%emt 00:00:51]} gxf6 {[%clk 00:54:21]} {[%emt
00:00:14]} 11. Qd2 {[%clk 00:52:14]} {[%emt 00:00:47]} Kg7 {[%clk 00:54:01]}
{[%emt 00:00:26]} 12. Rfe1 {[%clk 00:51:01]} {[%emt 00:01:18]} Rh8 {[%clk
00:53:45]} {[%emt 00:00:20]} 13. a4 {[%clk 00:47:30]} {[%emt 00:03:37]} a5
{[%clk 00:52:20]} {[%emt 00:01:31]} 14. h3 {[%clk 00:44:05]} {[%emt 00:03:28]}
Be6 {[%clk 00:52:09]} {[%emt 00:00:18]} 15. Ba2 {[%clk 00:42:33]} {[%emt
00:01:36]} Kf8 {[%clk 00:52:03]} {[%emt 00:00:11]} 16. Qe2 {[%clk 00:39:18]}
{[%emt 00:03:20]} Nb4 {[%clk 00:51:26]} {[%emt 00:00:41]} 17. Bb1 {[%clk
00:38:32]} {[%emt 00:00:50]} Rg8 {[%clk 00:48:38]} {[%emt 00:02:54]} 18. Kh2
{[%clk 00:37:30]} {[%emt 00:01:06]} Nc6 {[%clk 00:44:16]} {[%emt 00:04:27]} 19.
Nd2 {[%clk 00:37:09]} {[%emt 00:00:28]} Nd4 {[%clk 00:43:06]} {[%emt 00:01:15]}
20. Qe3 {[%clk 00:36:09]} {[%emt 00:01:02]} Rg6 {[%clk 00:42:27]} {[%emt
00:00:45]} 21. Re2 {[%clk 00:31:10]} {[%emt 00:05:06]} Nxc2 {[%clk 00:39:59]}
{[%emt 00:02:33]} 22. Qf3 {[%clk 00:31:05]} {[%emt 00:00:09]} Nxa1 {[%emt
00:02:53]} 23. Re1 {[%clk 00:25:46]} {[%emt 00:02:46]} Nb3 {[%clk 00:39:25]}
{[%emt 00:00:30]} 24. Nxb3 {[%clk 00:25:29]} {[%emt 00:00:22]} Bxb3 {[%clk
00:39:22]} {[%emt 00:00:08]} 25. d4 {[%clk 00:25:29]} {[%emt 00:00:05]} Bb4
{[%clk 00:39:04]} {[%emt 00:00:22]} 26. Re3 {[%clk 00:21:07]} {[%emt 00:04:28]}
Bxa4 {[%clk 00:38:43]} {[%emt 00:00:26]} 27. Qf5 {[%clk 00:19:42]} {[%emt
00:01:28]} Qd7 {[%clk 00:36:41]} {[%emt 00:02:08]} 28. Bc2 {[%clk 00:18:47]}
{[%emt 00:01:01]} Qe8 {[%clk 00:35:25]} {[%emt 00:01:19]} 29. Bd3 {[%clk
00:18:04]} {[%emt 00:00:49]} Qe7 {[%clk 00:33:40]} {[%emt 00:01:51]} 30. Rg3
{[%clk 00:17:41]} {[%emt 00:00:27]} Bd7 {[%clk 00:32:38]} {[%emt 00:01:08]} 31.
Qf3 {[%clk 00:12:38]} {[%emt 00:05:06]} Bd2 {[%clk 00:27:42]} {[%emt 00:05:02]}
32. Rxg6 {[%clk 00:10:46]} {[%emt 00:01:57]} fxg6 {[%clk 00:27:02]} {[%emt
00:00:45]} 33. Bxf6 {[%clk 00:10:34]} {[%emt 00:00:17]} Qf7 {[%clk 00:26:46]}
{[%emt 00:00:21]} 34. Bc4 {[%clk 00:09:11]} {[%emt 00:01:29]} Bf4+ {[%clk
00:25:56]} {[%emt 00:00:55]} 35. g3 {[%emt 00:00:50]} Qxf6 {[%clk 00:25:17]}
{[%emt 00:00:26]} 36. gxf4 {[%clk 00:08:16]} {[%emt 00:00:31]} Qxf4+ {[%clk
00:25:12]} {[%emt 00:00:11]} 37. Qxf4+ {[%clk 00:07:13]} {[%emt 00:01:09]} exf4
{[%clk 00:25:09]} {[%emt 00:00:07]} 38. Kg2 {[%clk 00:06:49]} {[%emt 00:00:29]}
Re8 {[%clk 00:24:59]} {[%emt 00:00:15]} 39. Kf3 {[%clk 00:06:32]} {[%emt
00:00:23]} b5 {[%clk 00:24:52]} {[%emt 00:00:12]} 40. Bd5 {[%clk 00:06:25]}
{[%emt 00:00:12]} g5 {[%clk 00:24:32]} {[%emt 00:00:24]} 41. Ke2 {[%clk
00:06:02]} {[%emt 00:00:29]} c6 {[%clk 00:24:16]} {[%emt 00:00:19]} 42. Bb3
{[%clk 00:06:02]} {[%emt 00:00:06]} Rxe4+ {[%clk 00:24:11]} {[%emt 00:00:11]}
43. Kd3 {[%clk 00:05:53]} {[%emt 00:00:14]} Re7 {[%clk 00:23:38]} {[%emt
00:00:33]} 44. d5 {[%clk 00:05:47]} {[%emt 00:00:16]} c5 {[%clk 00:23:27]}
{[%emt 00:00:16]} 45. Bc2 {[%clk 00:05:31]} {[%emt 00:00:21]} Bf5+ {[%clk
00:23:23]} {[%emt 00:00:09]} 46. Kc3 {[%clk 00:05:33]} {[%emt 00:00:03]} Bxc2
{[%clk 00:23:19]} {[%emt 00:00:09]} 47. Kxc2 {[%clk 00:05:36]} {[%emt
00:00:02]} Re2+ {[%clk 00:23:14]} {[%emt 00:00:09]} 48. Kc3 {[%clk 00:04:51]}
{[%emt 00:00:51]} Rxf2 {[%clk 00:22:54]} {[%emt 00:00:25]} 49. b3 {[%clk
00:04:44]} {[%emt 00:00:12]} Rf3+ {[%clk 00:22:55]} {[%emt 00:00:04]} 50. Kc2
{[%clk 00:04:48]} {[%emt 00:00:01]} a4 {[%clk 00:22:28]} {[%emt 00:00:31]} 51.
bxa4 {[%clk 00:04:43]} {[%emt 00:00:11]} bxa4 {[%clk 00:22:27]} {[%emt
00:00:06]} 52. Kb2 {[%clk 00:04:45]} {[%emt 00:00:03]} c4 {[%clk 00:22:23]}
{[%emt 00:00:09]} 53. Kc2 {[%clk 00:04:45]} {[%emt 00:00:05]} a3 {[%clk
00:22:20]} {[%emt 00:00:08]} 54. Kb1 {[%clk 00:04:48]} {[%emt 00:00:02]} c3
{[%clk 00:22:23]} {[%emt 00:00:02]} 55. Ka1 {[%clk 00:04:46]} {[%emt 00:00:08]}
c2 {[%clk 00:22:20]} {[%emt 00:00:06]} 56. Ka2 {[%clk 00:04:45]} {[%emt
00:00:06]} c1=Q {[%clk 00:21:56]} {[%emt 00:00:29]} 57. h4 {[%clk 00:04:42]}
{[%emt 00:00:08]} Qb2# {[%clk 00:21:55]} {[%emt 00:00:07]} 0-1

[Event "DVM U10 2023"]
[Site "Magdeburg GER"]
[Date "2023.12.29"]
[Round "6"]
[White "Teichmann, Fabian"]
[Black "Stösel, Roman"]
[Result "1-0"]
[Termination "normal"]
[Board "8.3"]
[WhiteElo "1095"]
[BlackElo "787"]
[WhiteClock "00:37:31"]
[BlackClock "00:30:11"]
[WhiteTeam "SF München"]
[BlackTeam "SC Ramstein-Miesenbach"]
[PlyCount "103"]
[WhiteFideId "34637249"]
[EventCountry "GER"]
[EventRounds "7"]
[EventType "team-swiss"]
[EventDate "2023.12.27"]

1. e4 {[%clk 00:55:07]} {[%emt 00:00:02]} e5 {[%clk 00:55:08]} {[%emt
00:00:02]} 2. Nf3 {[%clk 00:54:59]} {[%emt 00:00:13]} Nc6 {[%clk 00:55:05]}
{[%emt 00:00:08]} 3. Bc4 {[%clk 00:54:51]} {[%emt 00:00:11]} Bc5 {[%clk
00:53:31]} {[%emt 00:01:41]} 4. d3 {[%clk 00:54:45]} {[%emt 00:00:11]} h6
{[%clk 00:53:16]} {[%emt 00:00:21]} 5. Nc3 {[%emt 00:00:12]} Nf6 {[%clk
00:52:22]} {[%emt 00:00:57]} 6. Be3 {[%clk 00:54:33]} Bxe3 {[%clk 00:51:46]}
{[%emt 00:00:52]} 7. fxe3 {[%clk 00:54:29]} O-O {[%clk 00:51:01]} {[%emt
00:00:58]} 8. O-O {[%clk 00:54:26]} Ng4 {[%clk 00:49:32]} {[%emt 00:01:42]} 9.
Qd2 {[%emt 00:01:11]} d6 {[%clk 00:48:44]} 10. h3 {[%clk 00:54:13]} {[%emt
00:00:05]} Nf6 {[%emt 00:00:38]} 11. d4 {[%clk 00:54:12]} {[%emt 00:00:01]} b6
{[%clk 00:47:38]} {[%emt 00:00:43]} 12. Rfe1 {[%clk 00:53:40]} {[%emt
00:00:36]} Bb7 {[%clk 00:47:31]} {[%emt 00:00:14]} 13. Rad1 {[%clk 00:53:29]}
{[%emt 00:00:16]} exd4 {[%clk 00:46:22]} {[%emt 00:01:14]} 14. exd4 {[%clk
00:53:26]} {[%emt 00:00:08]} Re8 {[%clk 00:45:22]} {[%emt 00:01:04]} 15. Bb5
{[%clk 00:53:11]} {[%emt 00:00:20]} d5 {[%clk 00:43:59]} {[%emt 00:01:29]} 16.
Ne5 {[%clk 00:51:52]} {[%emt 00:01:24]} Re6 {[%clk 00:43:10]} {[%emt 00:00:53]}
17. exd5 {[%clk 00:51:14]} {[%emt 00:00:44]} Nxd5 {[%clk 00:41:52]} {[%emt
00:01:23]} 18. Nxc6 {[%clk 00:51:03]} {[%emt 00:00:16]} Rxc6 {[%clk 00:41:21]}
{[%emt 00:00:37]} 19. Bxc6 {[%clk 00:50:58]} {[%emt 00:00:09]} Bxc6 {[%clk
00:41:13]} {[%emt 00:00:13]} 20. Nxd5 {[%clk 00:50:29]} {[%emt 00:00:34]} Qxd5
{[%clk 00:40:49]} {[%emt 00:00:29]} 21. b3 {[%clk 00:50:22]} {[%emt 00:00:13]}
b5 {[%clk 00:39:37]} {[%emt 00:01:15]} 22. Re3 {[%clk 00:48:22]} {[%emt
00:02:05]} b4 {[%clk 00:39:02]} {[%emt 00:00:41]} 23. Rg3 {[%clk 00:47:50]}
{[%emt 00:00:34]} Qd6 {[%clk 00:38:14]} {[%emt 00:00:56]} 24. Kf2 {[%clk
00:47:21]} {[%emt 00:00:34]} Re8 {[%clk 00:37:26]} {[%emt 00:00:52]} 25. c4
{[%clk 00:46:26]} {[%emt 00:00:59]} bxc3 {[%clk 00:35:37]} {[%emt 00:01:56]}
26. Rxc3 {[%clk 00:45:53]} {[%emt 00:00:37]} Qf6+ {[%clk 00:35:10]} {[%emt
00:00:32]} 27. Kg1 {[%clk 00:45:39]} {[%emt 00:00:19]} Qg6 {[%clk 00:34:48]}
{[%emt 00:00:29]} 28. Qc2 {[%clk 00:44:45]} {[%emt 00:00:58]} Re6 {[%clk
00:33:12]} {[%emt 00:01:41]} 29. d5 {[%clk 00:44:02]} {[%emt 00:00:48]} Qxc2
{[%clk 00:32:04]} {[%emt 00:01:12]} 30. Rxc2 {[%clk 00:43:59]} {[%emt
00:00:08]} Bxd5 {[%clk 00:31:54]} {[%emt 00:00:16]} 31. Rxd5 {[%clk 00:43:50]}
{[%emt 00:00:14]} c6 {[%clk 00:31:32]} {[%emt 00:00:27]} 32. Rd7 {[%clk
00:42:59]} {[%emt 00:00:56]} Kh7 {[%clk 00:31:11]} {[%emt 00:00:26]} 33. Rxf7
{[%clk 00:42:46]} {[%emt 00:00:18]} Kg6 {[%clk 00:31:14]} {[%emt 00:00:01]} 34.
Rxa7 {[%clk 00:42:36]} {[%emt 00:00:16]} Kg5 {[%clk 00:31:19]} 35. Rxg7+ {[%clk
00:42:18]} {[%emt 00:00:23]} Kf4 {[%clk 00:31:05]} {[%emt 00:00:18]} 36. Rg4+
{[%clk 00:41:42]} {[%emt 00:00:41]} Kf5 {[%clk 00:30:54]} {[%emt 00:00:16]} 37.
Rf2+ {[%clk 00:40:11]} {[%emt 00:01:37]} Ke5 {[%clk 00:30:17]} {[%emt
00:00:42]} 38. Re2+ {[%clk 00:40:01]} {[%emt 00:00:15]} Kd6 {[%clk 00:30:19]}
{[%emt 00:00:02]} 39. Rxe6+ {[%clk 00:39:36]} {[%emt 00:00:31]} Kxe6 {[%clk
00:30:23]} {[%emt 00:00:01]} 40. Rg6+ {[%clk 00:39:18]} {[%emt 00:00:23]} Kd5
{[%clk 00:30:20]} {[%emt 00:00:08]} 41. Rxh6 {[%clk 00:39:16]} {[%emt
00:00:06]} c5 {[%clk 00:30:20]} {[%emt 00:00:06]} 42. Kf2 {[%clk 00:39:14]}
{[%emt 00:00:07]} Kd4 {[%clk 00:30:23]} {[%emt 00:00:01]} 43. Ke2 {[%clk
00:39:00]} {[%emt 00:00:20]} c4 {[%clk 00:30:26]} {[%emt 00:00:02]} 44. Rh4+
{[%clk 00:38:56]} {[%emt 00:00:08]} Kc3 {[%clk 00:30:24]} {[%emt 00:00:08]} 45.
Rxc4+ {[%clk 00:38:45]} {[%emt 00:00:16]} Kb2 {[%clk 00:30:21]} {[%emt
00:00:09]} 46. b4 {[%clk 00:38:46]} {[%emt 00:00:04]} Kxa2 {[%clk 00:30:22]}
{[%emt 00:00:03]} 47. b5 {[%clk 00:38:38]} {[%emt 00:00:13]} Ka3 {[%clk
00:30:19]} {[%emt 00:00:08]} 48. b6 {[%clk 00:38:31]} {[%emt 00:00:12]} Kb3
{[%clk 00:30:16]} {[%emt 00:00:09]} 49. Kd3 {[%clk 00:37:58]} {[%emt 00:00:37]}
Ka3 {[%clk 00:30:12]} {[%emt 00:00:09]} 50. b7 {[%clk 00:38:00]} {[%emt
00:00:04]} Kb3 {[%clk 00:30:07]} {[%emt 00:00:08]} 51. b8=Q+ {[%clk 00:37:52]}
{[%emt 00:00:13]} Ka3 {[%clk 00:30:11]} {[%emt 00:00:01]} 52. Rc7 {[%clk
00:37:31]} {[%emt 00:00:28]} 1-0

[Event "DVM U10 2023"]
[Site "Magdeburg GER"]
[Date "2023.12.29"]
[Round "6"]
[White "Pascual, Noah"]
[Black "Povetkin, Vsevolod"]
[Result "1-0"]
[Termination "normal"]
[Board "8.4"]
[WhiteElo "778"]
[BlackElo "1016"]
[WhiteClock "00:33:58"]
[BlackClock "00:23:22"]
[WhiteTeam "SC Ramstein-Miesenbach"]
[BlackTeam "SF München"]
[PlyCount "75"]
[BlackFideId "34676988"]
[EventCountry "GER"]
[EventRounds "7"]
[EventType "team-swiss"]
[EventDate "2023.12.27"]

1. e4 {[%clk 00:55:09]} {[%emt 15:24:07]} e5 {[%clk 00:55:03]} {[%emt
00:00:07]} 2. Nf3 {[%clk 00:55:13]} {[%emt 00:00:01]} Nc6 {[%clk 00:54:58]}
{[%emt 00:00:10]} 3. d4 {[%clk 00:55:15]} {[%emt 00:00:03]} exd4 {[%clk
00:54:38]} {[%emt 00:00:26]} 4. Nxd4 {[%clk 00:55:18]} {[%emt 00:00:02]} d5
{[%clk 00:53:12]} {[%emt 00:01:30]} 5. Nxc6 {[%clk 00:53:57]} {[%emt 00:01:26]}
bxc6 {[%clk 00:53:10]} {[%emt 00:00:07]} 6. Bf4 {[%clk 00:53:24]} {[%emt
00:00:38]} Bd6 {[%clk 00:50:25]} {[%emt 00:02:51]} 7. Bxd6 {[%clk 00:52:44]}
{[%emt 00:00:45]} Qxd6 {[%clk 00:49:56]} {[%emt 00:00:33]} 8. Qd4 {[%clk
00:52:31]} {[%emt 00:00:19]} f6 {[%clk 00:48:56]} {[%emt 00:01:05]} 9. Bd3
{[%clk 00:52:09]} {[%emt 00:00:26]} Ne7 {[%clk 00:48:38]} {[%emt 00:00:23]} 10.
Nc3 {[%clk 00:51:44]} {[%emt 00:00:30]} O-O {[%clk 00:47:33]} {[%emt 00:01:10]}
11. O-O {[%clk 00:51:11]} {[%emt 00:00:39]} f5 {[%clk 00:45:31]} {[%emt
00:02:07]} 12. exd5 {[%clk 00:50:50]} {[%emt 00:00:26]} Rf6 {[%clk 00:44:35]}
{[%emt 00:01:00]} 13. Rae1 {[%clk 00:50:03]} {[%emt 00:00:53]} Rh6 {[%clk
00:44:14]} {[%emt 00:00:26]} 14. h3 {[%clk 00:49:35]} {[%emt 00:00:32]} f4
{[%clk 00:44:03]} {[%emt 00:00:16]} 15. Be4 {[%clk 00:48:23]} {[%emt 00:01:18]}
Bxh3 {[%clk 00:43:19]} {[%emt 00:00:48]} 16. gxh3 {[%clk 00:47:08]} {[%emt
00:01:20]} Rxh3 {[%clk 00:43:03]} {[%emt 00:00:21]} 17. Kg2 {[%clk 00:46:51]}
{[%emt 00:00:23]} Rh6 {[%clk 00:42:52]} {[%emt 00:00:16]} 18. Kf3 {[%clk
00:45:48]} {[%emt 00:01:08]} Qd7 {[%clk 00:41:37]} {[%emt 00:01:20]} 19. Rh1
{[%clk 00:45:37]} {[%emt 00:00:15]} Rd6 {[%clk 00:40:13]} {[%emt 00:01:29]} 20.
Rxh7 {[%clk 00:45:22]} {[%emt 00:00:20]} Rf6 {[%clk 00:37:46]} {[%emt
00:02:32]} 21. Reh1 {[%clk 00:44:13]} {[%emt 00:01:14]} Kf7 {[%clk 00:37:06]}
{[%emt 00:00:45]} 22. Qe5 {[%clk 00:42:29]} {[%emt 00:01:49]} Re8 {[%clk
00:35:43]} {[%emt 00:01:28]} 23. Qh5+ {[%clk 00:42:03]} {[%emt 00:00:31]} Ng6
{[%clk 00:34:17]} {[%emt 00:01:31]} 24. dxc6 {[%clk 00:40:17]} {[%emt
00:01:52]} Qc8 {[%clk 00:31:35]} {[%emt 00:02:47]} 25. Bxg6+ {[%clk 00:39:41]}
{[%emt 00:00:41]} Rxg6 {[%clk 00:30:59]} {[%emt 00:00:41]} 26. Qd5+ {[%clk
00:38:43]} {[%emt 00:01:03]} Rge6 {[%clk 00:29:22]} {[%emt 00:01:42]} 27. Qd7+
{[%clk 00:37:08]} {[%emt 00:01:40]} Qxd7 {[%clk 00:29:11]} {[%emt 00:00:15]}
28. cxd7 {[%clk 00:36:57]} {[%emt 00:00:17]} Rd8 {[%clk 00:29:06]} {[%emt
00:00:10]} 29. Ne4 {[%clk 00:36:40]} {[%emt 00:00:22]} Re7 {[%clk 00:28:33]}
{[%emt 00:00:37]} 30. Ng5+ {[%emt 00:00:25]} Kg6 {[%clk 00:28:00]} {[%emt
00:00:37]} 31. Rg1 {[%clk 00:35:32]} {[%emt 00:00:55]} Kf6 {[%clk 00:26:30]}
{[%emt 00:02:14]} 32. Ne4+ {[%clk 00:35:21]} {[%emt 00:00:16]} Ke6 {[%clk
00:25:13]} {[%emt 00:01:21]} 33. Rg6+ {[%clk 00:35:01]} {[%emt 00:00:25]} Kf5
34. Rhxg7 Rxe4 {[%clk 00:24:20]} {[%emt 00:00:50]} 35. Rg5+ {[%clk 00:34:04]}
{[%emt 00:00:55]} Ke6 {[%clk 00:23:43]} {[%emt 00:00:41]} 36. Kxe4 {[%clk
00:34:06]} {[%emt 00:00:04]} Rxd7 {[%clk 00:23:21]} {[%emt 00:00:26]} 37. Rxd7
{[%clk 00:34:05]} {[%emt 00:00:07]} Kxd7 {[%clk 00:23:22]} {[%emt 00:00:04]}
38. Kxf4 {[%clk 00:33:58]} {[%emt 00:00:13]} 1-0